The science lecture room : a planning study to examine the principles of location and design of lecture rooms in the development of university science areas /

Guardado en:
Autor Principal: Taylor, Jeremy Reginald Buckley.
Formato: Libro
Idioma:English
Publicado: Cambridge : U.P., 1967.
Etiquetas: Agregar Etiqueta
Sin Etiquetas, Sea el primero en etiquetar este registro!
LEADER 00767cam a2200169 a 4500
001 EEA.libagro010063
008 691008s1967####enkae#########000#0#eng##
005 20200311123620.0
245 1 4 |a The science lecture room :  |b a planning study to examine the principles of location and design of lecture rooms in the development of university science areas /  |c prepared with the support of the Nuffield Foundation at the School of Architecture, Cambridge [by] Jeremy Taylor. 
260 |a Cambridge :  |b U.P.,  |c 1967. 
300 |a viii, 119 p. :  |b il., planos. tablas, diagrs. ;  |c 30 cm. 
100 1 |a Taylor, Jeremy Reginald Buckley. 
082 0 0 |a 022.5 
010 |a  67024941  
040 |a DLC  |c DLC  |d DLC 
050 0 0 |a NA6602.S3  |b T3 
859 |a AR-BbBCA  |b BIB. AGRONOMIA  |h 022.5  |i T244  |p 1968/0258